000
00201 a2200097 4500
020
_a
9780399546303
041
_a
eng
100
_a
De La Peà¨,matt
245
_a
last Stop on Market Streeet
942
_c
BK
999
_c
31855
_d
31853